Größte Orte im Landkreis Ludwigslust-Parchim - Statistiken

Allgemein
  • Dieses Quiz wurde 10 mal gespielt
  • Das Durchschnittsergebnis liegt bei 6 aus 15
Antwortstatistiken
Einwohner Ort % Korrekt
12.270 Ludwigslust
100%
18.278 Parchim
100%
10.829 Boizenburg/Elbe
57%
12.399 Hagenow
57%
6.400 Wittenburg
57%
6.183 Lübz
29%
6.931 Neustadt-Glewe
29%
6.231 Plau am See
29%
4.023 Sternberg
29%
4.778 Crivitz
14%
3.364 Goldberg
14%
5.615 Grabow
14%
3.307 Plate
14%
5.484 Zarrentin am Schaalsee
14%
4.715 Lübtheen
0%
Keine übereinstimmenden Quizze gefunden
Verteilung der Resultate
Anzahl Personen mit jedem Resultat
Perzentil nach korrekt beantworteten Fragen
Ihre Resultats-Entwicklung
Sie haben dieses Quiz noch nicht gespielt